Zvyšovanie konkurencieschopnosti podnikateľských subjektov prostredníctvom flexibilných modelov organizácie pracovného času
Vývoj nezamestnanosti v Slovenskej republike. Prejavy vplyvu hospodárskej krízy na podnikateľské subjekty. Flexibilné modely organizácie pracovného času. Zmiernenie hrozieb hospodárskej krízy.
Salvato in:
| Autore principale: | |
|---|---|
| Altri autori: | |
| Natura: | Capitolo di libro |
| Lingua: | slovacco |
| Soggetti: | |
| Tags: |
Nessun Tag, puoi essere il primo ad aggiungerne!!
|
MARC
| LEADER | 00000nla$a2200000$$$4500 | ||
|---|---|---|---|
| 001 | 0122814 | ||
| 005 | 20220504131200.6 | ||
| 041 | 0 | |a slo | |
| 044 | |a SK | ||
| 245 | 1 | 0 | |a Zvyšovanie konkurencieschopnosti podnikateľských subjektov prostredníctvom flexibilných modelov organizácie pracovného času |c Lucia Tulejová, Alžbeta Kucharčíková |
| 520 | |a Vývoj nezamestnanosti v Slovenskej republike. Prejavy vplyvu hospodárskej krízy na podnikateľské subjekty. Flexibilné modely organizácie pracovného času. Zmiernenie hrozieb hospodárskej krízy. | ||
| 610 | 2 | 0 | |a čas pracovný pohyblivý |
| 610 | 2 | 0 | |a trh práce |
| 610 | 2 | 0 | |a nezamestnanosť |
| 610 | 2 | 0 | |a podnikanie |
| 610 | 2 | 0 | |a Slovensko |
| 610 | 2 | 0 | |a kríza hospodárska |
| 610 | 2 | 0 | |a konkurencieschopnosť |
| 100 | 1 | |a Tulejová, Lucia | |
| 700 | 1 | |a Kucharčíková, Alžbeta | |